| 000 | 00308cam a22000977a 4500 | ||
|---|---|---|---|
| 008 | 180718b1950 xxu||||| |||| 00| 0 eng d | ||
| 082 | _aJ72 x54 Al 11 | ||
| 245 |
_aPattern of urban development and morphology of Indian cities _cBy Manzoor Alam et al. |
||
| 260 |
_aCalcutta _bGovt. of India _c1950 |
||
| 300 | _a35p. | ||
| 999 |
_c415927 _d415927 |
||